<?xml version="1.0" encoding="UTF-8"?><?xml-stylesheet type="text/xsl" href="static/style.xsl"?><OAI-PMH xmlns="http://www.openarchives.org/OAI/2.0/" xmlns:xsi="http://www.w3.org/2001/XMLSchema-instance" xsi:schemaLocation="http://www.openarchives.org/OAI/2.0/ http://www.openarchives.org/OAI/2.0/OAI-PMH.xsd"><responseDate>2026-04-13T14:01:30Z</responseDate><request verb="GetRecord" identifier="oai:www.recercat.cat:2072/488398" metadataPrefix="marc">https://recercat.cat/oai/request</request><GetRecord><record><header><identifier>oai:recercat.cat:2072/488398</identifier><datestamp>2025-10-27T14:04:35Z</datestamp><setSpec>com_2072_98</setSpec><setSpec>col_2072_378192</setSpec></header><metadata><record xmlns="http://www.loc.gov/MARC21/slim" xmlns:dcterms="http://purl.org/dc/terms/" xmlns:xsi="http://www.w3.org/2001/XMLSchema-instance" xmlns:doc="http://www.lyncode.com/xoai" xsi:schemaLocation="http://www.loc.gov/MARC21/slim http://www.loc.gov/standards/marcxml/schema/MARC21slim.xsd">
   <leader>00925njm 22002777a 4500</leader>
   <datafield ind2=" " ind1=" " tag="042">
      <subfield code="a">dc</subfield>
   </datafield>
   <datafield ind2=" " ind1=" " tag="720">
      <subfield code="a">Ledesma, José Luis</subfield>
      <subfield code="e">author</subfield>
   </datafield>
   <datafield ind2=" " ind1=" " tag="720">
      <subfield code="a">Rodrigo, Javier</subfield>
      <subfield code="e">author</subfield>
   </datafield>
   <datafield ind2=" " ind1=" " tag="260">
      <subfield code="c">2006</subfield>
   </datafield>
   <datafield ind2=" " ind1=" " tag="520">
      <subfield code="a">Hablar de la «memoria» de la Guerra Civil española es hacerlo del recuerdo colectivo de sus víctimas. Desde el final mismo de la contienda y hasta la actualidad, los «caídos» de uno y otro bando, militares y, sobre todo, civiles, han simbolizado y articulado el recuerdo de la contienda y, en muchos casos, dramáticamente reducido su complejidad. La omnipresencia en los espacios públicos conmemorativos durante la dictadura de Franco de los «caídos por España» se vio transmutada en invisibilidad de todas las víctimas durante el proceso de democratización post-dictatorial. Recientemente, esa invisibilidad está desapareciendo, a raíz del último ciclo de exhumaciones de víctimas de los vencidos, los «mártires de la libertad». De los usos y abusos de esas víctimas como icono pretérito declinado en el presente y, en definitiva, de las continuidades y discontinuidades en el recuerdo colectivo de la Guerra Civil, de sus empleos y manipulaciones, trata este artículo.</subfield>
   </datafield>
   <datafield ind2=" " ind1=" " tag="520">
      <subfield code="a">Collective «memory» of the Spanish Civil war (1936-1939) has his-torically been shaped by its victims' collective remembrances. Since thevery end of the conflict and until the actual days, the military and civil«fallen» from both national sides have been profusely used as a symbol of the conflict -and, many times, to reduce its complexity. The omnipre-sence of the «fallen for Spain» during the Franco's dictatorship changedinto an official invisibility of all the victims during the transition toDemocracy. And recently (since 2000) that invisibility is disappearing,due to the last cycle of exhumations of republican victims, the «libertymartyrs», from mass war graves. This article deals with the uses and abu-ses of those victims, and with the continuities and discontinuities on thecollective remembrance of the Spanish Civil war.</subfield>
   </datafield>
   <datafield ind1="8" ind2=" " tag="024">
      <subfield code="a">http://hdl.handle.net/2072/488398</subfield>
   </datafield>
   <datafield tag="653" ind2=" " ind1=" ">
      <subfield code="a">Guerra Civil española</subfield>
   </datafield>
   <datafield tag="653" ind2=" " ind1=" ">
      <subfield code="a">Víctimas</subfield>
   </datafield>
   <datafield tag="653" ind2=" " ind1=" ">
      <subfield code="a">Franquismo</subfield>
   </datafield>
   <datafield tag="653" ind2=" " ind1=" ">
      <subfield code="a">Rememoración colectiva</subfield>
   </datafield>
   <datafield tag="653" ind2=" " ind1=" ">
      <subfield code="a">Políticas de la memoria</subfield>
   </datafield>
   <datafield tag="653" ind2=" " ind1=" ">
      <subfield code="a">Democracia</subfield>
   </datafield>
   <datafield tag="653" ind2=" " ind1=" ">
      <subfield code="a">Spanish Civil War</subfield>
   </datafield>
   <datafield tag="653" ind2=" " ind1=" ">
      <subfield code="a">Victims</subfield>
   </datafield>
   <datafield tag="653" ind2=" " ind1=" ">
      <subfield code="a">Franco's dictatorship</subfield>
   </datafield>
   <datafield tag="653" ind2=" " ind1=" ">
      <subfield code="a">Collectiveremembrance</subfield>
   </datafield>
   <datafield tag="653" ind2=" " ind1=" ">
      <subfield code="a">Politics of memory</subfield>
   </datafield>
   <datafield tag="653" ind2=" " ind1=" ">
      <subfield code="a">Democracy</subfield>
   </datafield>
   <datafield ind2="0" ind1="0" tag="245">
      <subfield code="a">Caídos por España, mártires de la libertad. Víctimas y conmemoración de la Guerra Civil en la España posbélica (1939-2006)</subfield>
   </datafield>
</record></metadata></record></GetRecord></OAI-PMH>